MARC details
| 000 -LEADER |
| fixed length control field |
02592nam a22003257a 4500 |
| 003 - CONTROL NUMBER IDENTIFIER |
| control field |
TH-BaNU |
| 005 - DATE AND TIME OF LATEST TRANSACTION |
| control field |
20230614090236.0 |
| 008 - FIXED-LENGTH DATA ELEMENTS--GENERAL INFORMATION |
| fixed length control field |
230330b2561 th ||||| |||| 00| 0 tha d |
| 020 ## - INTERNATIONAL STANDARD BOOK NUMBER |
| International Standard Book Number |
9786160442829 |
| 040 ## - CATALOGING SOURCE |
| Original cataloging agency |
TH-BaNU |
| 050 ## - LIBRARY OF CONGRESS CALL NUMBER |
| Classification number |
น |
| Item number |
บ825ผ 2561 ล.3 |
| 100 ## - MAIN ENTRY--PERSONAL NAME |
| Personal name |
เบลล์, เจนนิเฟอร์, |
| Relator term |
ผู้แต่ง |
| 245 ## - TITLE STATEMENT |
| Title |
ผจญภัยในดินแดนไม่ธรรมดา เล่ม 3 : |
| Remainder of title |
กล้องส่องทางไกลเยือกแข็ง / |
| Statement of responsibility, etc. |
Jennifer Bell, เขียน ; อลิซ, แปล |
| 246 ## - VARYING FORM OF TITLE |
| Title proper/short title |
The uncommoners 3 : |
| Remainder of title |
the frozen telescope |
| 250 ## - EDITION STATEMENT |
| Edition statement |
พิมพ์ครั้งที่ 1 |
| 260 ## - PUBLICATION, DISTRIBUTION, ETC. |
| Place of publication, distribution, etc. |
กรุงเทพฯ : |
| Name of publisher, distributor, etc. |
นานมีบุ๊คส์, |
| Date of publication, distribution, etc. |
2561 |
| 300 ## - PHYSICAL DESCRIPTION |
| Extent |
232 หน้า ; |
| Dimensions |
21 ซม |
| 490 ## - SERIES STATEMENT |
| Series statement |
ผจญภัยในดินแดนไม่ธรรมดา ; |
| Volume/sequential designation |
3 |
| 490 ## - SERIES STATEMENT |
| Series statement |
The uncommoners ; |
| Volume/sequential designation |
3 |
| 520 ## - SUMMARY, ETC. |
| Summary, etc. |
ถึงเวลาแล้วที่เด็กๆ จะต้องเลือก ระหว่างความปลอดภัยของโรซี กับโลกของชาวไม่ธรรมดา! เมื่อไอวีกับเซบเดินทางมาถึงนูบรุก อันเดอร์มาร์ตของชาวไม่ธรรมดาที่ซ่อนอยู่ใต้นครนิวยอร์ก สองพี่น้องคิดเพียงว่าจะช่วยวาเลียนตามหาโรซี น้องสาวของเขาที่หายตัวไป ทว่าเมื่อสืบเสาะ พวกเขาก็รู้ว่ายังมีคนอื่นต้องการตัวโรซี่ แถมยังเป็นคนที่ชั่วร้ายมากด้วย เด็กๆจึงต้องใช้สติปัญญาและความกล้าหาญทั้งหมดที่มีเพื่อหาเธอให้พบก่อนใคร |
| 650 ## - SUBJECT ADDED ENTRY--TOPICAL TERM |
| Topical term or geographic name entry element |
นวนิยาย |
| 650 ## - SUBJECT ADDED ENTRY--TOPICAL TERM |
| Topical term or geographic name entry element |
นวนิยายอังกฤษ |
| 650 ## - SUBJECT ADDED ENTRY--TOPICAL TERM |
| Topical term or geographic name entry element |
นวนิยายแฟนตาซี |
| 650 ## - SUBJECT ADDED ENTRY--TOPICAL TERM |
| Topical term or geographic name entry element |
นวนิยายผจญภัย |
| 700 ## - ADDED ENTRY--PERSONAL NAME |
| Personal name |
อลิซ, |
| Relator term |
ผู้แปล |
| 850 ## - HOLDING INSTITUTION |
| Holding institution |
Kuakarun Nursing Library |
| 856 ## - ELECTRONIC LOCATION AND ACCESS |
| Uniform Resource Identifier |
<a href="https://elibrary-nmulib.cu-elibrary.com/rent/ebook/detail/917b955c-a271-4838-9864-2fd986da73e7">https://elibrary-nmulib.cu-elibrary.com/rent/ebook/detail/917b955c-a271-4838-9864-2fd986da73e7</a> |
| Link text |
CU e-Library |
| 942 ## - ADDED ENTRY ELEMENTS (KOHA) |
| Source of classification or shelving scheme |
Library of Congress Classification |
| Koha item type |
Electronic books |
| 998 ## - STAFF NAME (NMU) |
| Cataloger |
thita |